Institutionalised children explorations and beyond: (Record no. 201808)

MARC details
000 -LEADER
fixed length control field 00472nam a2200121 4500
008 - FIXED-LENGTH DATA ELEMENTS--GENERAL INFORMATION
fixed length control field 240327b |||||||| |||| 00| 0 eng d
022 ## - INTERNATIONAL STANDARD SERIAL NUMBER
International Standard Serial Number 2349-3003
245 ## - TITLE STATEMENT
Title Institutionalised children explorations and beyond:
Remainder of title A Journal On Alternative Care/
260 ## - PUBLICATION, DISTRIBUTION, ETC. (IMPRINT)
Place of publication, distribution, etc New Delhi
Name of publisher, distributor, etc Sage publication india pvt. Ltd.
Date of publication, distribution, etc 2023
300 ## - PHYSICAL DESCRIPTION
Extent Vol 10, No 1
Dimensions 24cm
270 ## - ADDRESS
Address B-1/I-1 Mohan cooperative Industrial Area , Mathura Road
City New Delhi
Country India
Postal code 110044
942 ## - ADDED ENTRY ELEMENTS (KOHA)
Source of classification or shelving scheme Dewey Decimal Classification
Item type Periodicals
Call number suffix INS
Serial record 1
Holdings
Withdrawn status Lost status Source of classification or shelving scheme Damaged status Not for loan Collection code Home library Current library Shelving location Date acquired Source of acquisition Total Checkouts Full call number Date last seen Copy number Price effective from Koha item type
    Dewey Decimal Classification   Not For Loan Non-fiction Central Library Central Library On Display 27/03/2024 DBAD   INS 27/03/2024 1 27/03/2024 Periodicals

© Delhi Public Library
Hit Counter
free hit counter